5 Países más Fríos por Continente - Estadísticas

Estadísticas generales
  • Esta prueba ha sido intentada 8.050 veces
  • La puntuación promedio es 22 de 29
Estadísticas de respuestas
Continente ° C País % Correcto
Asia | Europa -3.8 Rusia
98%
América del Norte -4.5 Canadá
97%
América del Norte 9.3 Estados Unidos
96%
Europa 2.7 Noruega
96%
América del Sur 15.4 Argentina
95%
América del Sur 9.3 Chile
95%
Europa 2.6 Finlandia
95%
Europa 3.4 Suecia
94%
Oceanía 22.1 Australia
93%
Europa 2.3 Islandia
92%
América del Norte 21.8 México
92%
Oceanía 11.0 Nueva Zelanda
91%
América del Sur 18.0 Uruguay
90%
América del Sur 19.9 Perú
88%
América del Sur 21.4 Bolivia
87%
Asia 0.8 Mongolia
86%
África 18.5 Sudáfrica
86%
América del Norte 24.2 Guatemala
68%
Oceanía 25.2 Fiyi
64%
América del Norte 24.9 Honduras
63%
África 12.2 Lesoto
63%
Oceanía 25.2 Papua Nueva Guinea
56%
África 20.2 Marruecos
52%
Oceanía 24.8 Vanuatu
52%
Asia 2.8 Kirguistán
51%
Asia 5.7 Bután
50%
Asia 2.6 Tayikistán
49%
África 18.5 Ruanda
30%
África 20.1 Burundi
27%
No se encontraron pruebas coincidentes
Distribución de puntuación
Porcentaje de gente con cada puntuación
Porcentaje por número respondido
Historial de tus puntuaciones
No has intentado esta prueba.